[Event "1st Advent"]
[Site "SchemingMind.com"]
[Date "2021.02.28"]
[Round "-"]
[White "trazadora"]
[Black "Massey Ferguson"]
[Result "1-0"]
[WhiteCountry "CUB"]
[BlackCountry "ENG"]
[WhiteElo "2007"]
[WhiteRD "121"]
[BlackElo "2231"]
[BlackRD "99"]
[GameID "708693"]

1. e4 e5 2. Nf3 Nc6 3. Bb5 Bb4 4. O-O Nge7 5. d4 exd4 6. Nxd4 O-O 7. Nc3 a6 8. Bc4 Nxd4 9. Qxd4 Nc6 10. Qe3 Re8
11. Qg3 d6 12. Bg5 Qd7 13. Nd5 Rxe4 14. f3 Rxc4 15. Bf6 g6 16. Rae1 Bxe1 17. Rxe1 h6 18. b3 Rc5 19. Qh4 h5 20. Qf4 Kh7
21. Bh8
1-0

[Event "1st Advent"]
[Site "SchemingMind.com"]
[Date "2021.03.04"]
[Round "-"]
[White "Helga1946"]
[Black "capablanca"]
[Result "1-0"]
[WhiteCountry "GER"]
[BlackCountry "GER"]
[WhiteElo "2263"]
[WhiteRD "69"]
[BlackElo "1659"]
[BlackRD "73"]
[GameID "709083"]

1. d4 d5 2. c4 c6 3. cxd5 cxd5 4. Bf4 Nf6 5. Nc3 a6 6. e3 Bf5 7. Qb3 b5 8. a4 bxa4 9. Rxa4 e6 10. Nb5 axb5
11. Rxa8 Bd6 12. Qxb5+ Ke7 13. Qb7+ Nfd7 14. Bxd6+ Kxd6 15. Qb4+
1-0

[Event "1st Advent"]
[Site "SchemingMind.com"]
[Date "2021.03.05"]
[Round "-"]
[White "capablanca"]
[Black "Helga1946"]
[Result "0-1"]
[WhiteCountry "GER"]
[BlackCountry "GER"]
[WhiteElo "1659"]
[WhiteRD "73"]
[BlackElo "2263"]
[BlackRD "69"]
[GameID "709084"]

1. e4 e5 2. Nf3 Nc6 3. Bc4 Nf6 4. d3 Bc5 5. c3 a5 6. O-O d6 7. h3 O-O 8. Re1 h6 9. Be3 Bxe3 10. Rxe3 d5
11. exd5 Nxd5 12. Re1 Nf4 13. Nxe5 Qg5 14. Ng4 b5 15. Bb3 a4 16. Bc2 f5
0-1

[Event "1st Advent"]
[Site "SchemingMind.com"]
[Date "2021.03.16"]
[Round "-"]
[White "The Stonewall"]
[Black "John Hamer"]
[Result "1-0"]
[WhiteCountry "ENG"]
[BlackCountry "ENG"]
[WhiteElo "2442"]
[WhiteRD "72"]
[BlackElo "1877"]
[BlackRD "65"]
[GameID "709404"]

1. c4 Nf6 2. Nc3 g6 3. e4 d6 4. d4 Bg7 5. Nf3 O-O 6. Be2 c6 7. Be3 e5 8. d5 Na6 9. Nd2 Ne8 10. O-O f5
11. exf5 gxf5 12. f4 c5 13. fxe5 dxe5 14. a3 Nd6 15. Bh5 Bd7 16. g4 Rc8 17. Kh1 Qh4 18. Bf2 Qe7 19. gxf5 Bxf5 20. Qe2 Kh8
21. Nde4 Rcd8 22. Nxd6 Rxd6 23. Rae1 Bg6 24. Bg3 Bxh5 25. Rxf8+ Qxf8 26. Qxh5 Kg8= 27. Ne4 Rg6 28. Ng5 Rh6 29. Qd1 Rg6 30. Ne6 Qf7
31. Nxg7 Rxg7 32. Bxe5 Rg6 33. Bg3 Rg5 34. d6 Nb8 35. Re7 Qxc4 36. Re8+ Kf7 37. d7 Nc6 38. Qf3+ Kg6 39. d8=Q
1-0

[Event "1st Advent"]
[Site "SchemingMind.com"]
[Date "2021.03.16"]
[Round "-"]
[White "John Hamer"]
[Black "The Stonewall"]
[Result "0-1"]
[WhiteCountry "ENG"]
[BlackCountry "ENG"]
[WhiteElo "1877"]
[WhiteRD "65"]
[BlackElo "2442"]
[BlackRD "72"]
[GameID "709405"]

1. d4 e6 2. Nf3 f5 3. c4 Nf6 4. Nc3 Bb4 5. Qc2 b6 6. g3 Bb7 7. Bg2 Be4 8. Qb3 Qe7 9. O-O Bxc3 10. Qxc3 O-O
11. b4 d6 12. Bf4 Nbd7 13. Rfd1 Rfe8 14. Rac1 h6 15. a3 a5 16. Bd2 Qf8 17. b5 Rad8 18. Qb3 Qf7 19. Be3 e5 20. dxe5 dxe5
21. Qb2 Ng4 22. Bd2 Nc5 23. Qa2 Bb7 24. h3 e4 25. Ne1 Nxf2 26. Kxf2 Rxd2 27. Rxd2 e3+
0-1

[Event "1st Advent"]
[Site "SchemingMind.com"]
[Date "2021.03.29"]
[Round "-"]
[White "Transcendent"]
[Black "cnile"]
[Result "1-0"]
[WhiteCountry "ENG"]
[BlackCountry "SCO"]
[WhiteElo "2089"]
[WhiteRD "64"]
[BlackElo "1428"]
[BlackRD "66"]
[GameID "709943"]

1. d4 d5 2. c4 e6 3. Nf3 Nf6 4. g3 c6 5. Bg2 Nbd7 6. O-O Bd6 7. Qc2 dxc4 8. Qxc4 Nb6 9. Qc2 O-O 10. e4 Be7
11. Rd1 Re8 12. Bf4 Bf8 13. Nc3 Bd6 14. Bxd6 e5 15. dxe5
1-0

[Event "1st Advent"]
[Site "SchemingMind.com"]
[Date "2021.04.01"]
[Round "-"]
[White "cnile"]
[Black "Transcendent"]
[Result "0-1"]
[WhiteCountry "SCO"]
[BlackCountry "ENG"]
[WhiteElo "1428"]
[WhiteRD "66"]
[BlackElo "2089"]
[BlackRD "64"]
[GameID "709944"]

1. e4 e6 2. d4 d5 3. Nc3 Bb4 4. e5 c5 5. a3 Bxc3+ 6. bxc3 Qa5 7. Ne2 Nc6 8. g3 Nxd4 9. Nxd4 Qxc3+ 10. Bd2 Qxd4
11. Bb5+ Bd7 12. Bxd7+ Kxd7 13. O-O Ne7 14. Bf4 Qxd1 15. Rfxd1 Rac8 16. Rab1 Kc6 17. Kg2 b5 18. g4 a5 19. Bg3 h5 20. f3 g5
21. h3 d4 22. Be1 Nd5 23. Kh2 hxg4 24. fxg4 Nf4 25. Bxa5 Rxh3+ 26. Kg1 Rch8 27. Kf2 Rh2+ 28. Kf3 R8h3+ 29. Ke4 Re3#
0-1

[Event "1st Advent"]
[Site "SchemingMind.com"]
[Date "2021.04.30"]
[Round "-"]
[White "MichaelChess"]
[Black "ramesse"]
[Result "1/2-1/2"]
[WhiteCountry "CUB"]
[BlackCountry "SVK"]
[WhiteElo "2406"]
[WhiteRD "91"]
[BlackElo "2552"]
[BlackRD "76"]
[GameID "711101"]

1. e4 e5 2. Nf3 Nc6 3. Bc4 Bc5 4. c3 Nf6 5. d3 d6 6. O-O O-O 7. Re1 a6 8. Bb3 h6 9. Nbd2 Be6 10. Bxe6 fxe6
11. b4 Ba7 12. Nf1 Qe8 13. a4 Ne7 14. h3 Ng6 15. Ng3 Rf7 16. Ra2 Qe7 17. d4 Raf8 18. Be3 Nd7 19. Nh2 Nf4 20. a5 Qg5
21. Rd2 Kh7 22. Qg4 exd4 23. cxd4 Qb5 24. Rb1 c5 25. Bxf4 Rxf4 26. Qxe6 c4 27. Nf3 Rxf3 28. gxf3 c3 29. Rc2 Rf6 30. Qe8 Bxd4
31. Rd1 Qa4 32. Rdc1 Qb5 33. Kg2 Rxf3 34. Nf5 Rxf5 35. exf5 Qd5+ 36. f3 Ne5 37. Rf1 Ba7 38. Qh5 Qd3 39. Rfc1 Be3 40. Rxc3 Qe2+
41. Kh1 Bxc1 42. Rxc1 Qd2 43. Rf1 Qf4 44. Rd1 Qc4 45. Rb1=
1/2-1/2

[Event "1st Advent"]
[Site "SchemingMind.com"]
[Date "2021.05.04"]
[Round "-"]
[White "ramesse"]
[Black "MichaelChess"]
[Result "1/2-1/2"]
[WhiteCountry "SVK"]
[BlackCountry "CUB"]
[WhiteElo "2552"]
[WhiteRD "76"]
[BlackElo "2406"]
[BlackRD "91"]
[GameID "711102"]

1. e4 c5 2. Nf3 d6 3. d4 cxd4 4. Nxd4 Nf6 5. Nc3 a6 6. h3 e6 7. g4 h6 8. Bg2 Be7 9. Be3 Nc6 10. f4 Nd7
11. O-O Nxd4 12. Qxd4 O-O 13. Qd2 b5 14. e5 d5 15. Ne2 b4 16. Nd4 Bb7 17. h4 Bxh4 18. Rf3 Be7 19. Rh3 Nb6 20. b3 Rc8
21. g5 Nd7 22. Kh1 Rc3 23. Rg1 Bc5 24. Bf1 Bxd4 25. Bxd4 Rxh3+ 26. Bxh3 g6 27. Qxb4 Qc7 28. c3 h5 29. Qe7 Qd8 30. Qxd8 Rxd8
31. Rc1 Kf8 32. Bf1 Bc6 33. Kg1 Ke8 34. Kf2 Rb8 35. Bd3 Bb5 36. Bc2 a5 37. a4 Ba6 38. Ke3 Kd8 39. Re1 Kc7 40. Rh1 Re8=
1/2-1/2

[Event "1st Advent"]
[Site "SchemingMind.com"]
[Date "2021.05.06"]
[Round "-"]
[White "Helga1946"]
[Black "trazadora"]
[Result "1/2-1/2"]
[WhiteCountry "GER"]
[BlackCountry "CUB"]
[WhiteElo "2282"]
[WhiteRD "69"]
[BlackElo "2104"]
[BlackRD "116"]
[GameID "711129"]

1. c4 Nf6 2. Nf3 e6 3. Nc3 d5 4. d4 c6 5. Bg5 h6 6. Bxf6 Qxf6 7. e3 Nd7 8. Bd3 g6 9. e4 dxe4 10. Nxe4 Qg7
11. O-O Be7 12. Nc3 g5 13. Qe2 g4 14. Ne5 Nxe5 15. dxe5 Bd7 16. Qe3 h5 17. Rad1 h4 18. Be2 O-O-O 19. Qxa7 Qxe5 20. Bxg4 Bd6
21. Rxd6 Qxd6 22. Na4 c5 23. Rd1 Qe7 24. Nc3 Bc6 25. Nd5 Bxd5 26. cxd5 Kc7=
1/2-1/2

[Event "1st Advent"]
[Site "SchemingMind.com"]
[Date "2021.05.05"]
[Round "-"]
[White "trazadora"]
[Black "Helga1946"]
[Result "1-0"]
[WhiteCountry "CUB"]
[BlackCountry "GER"]
[WhiteElo "2157"]
[WhiteRD "105"]
[BlackElo "2231"]
[BlackRD "66"]
[GameID "711130"]

1. e4 e5 2. Nf3 Nc6 3. Bb5 a6 4. Ba4 b5 5. Bb3 Nf6 6. d3 Bc5 7. Bg5 O-O 8. Nbd2 h6 9. Bh4 Rb8 10. c3 d6
11. O-O Bb6 12. Re1 Na5 13. Bc2 c5 14. Nf1 c4 15. d4 Re8 16. Ne3 Nc6 17. d5 Na5 18. b4 cxb3 19. axb3 Nb7 20. b4 a5
21. Bd3 Bd7 22. Qe2 g5 23. Nxg5 hxg5 24. Bxg5 Kg7 25. Qf3 Rg8 26. Rf1 Ra8 27. Ra3 Rc8 28. Be2 Bc7 29. h3 Ra8 30. Nf5+
1-0

[Event "1st Advent"]
[Site "SchemingMind.com"]
[Date "2021.06.03"]
[Round "-"]
[White "Rommel85"]
[Black "Jari Laine"]
[Result "1/2-1/2"]
[WhiteCountry "CUB"]
[BlackCountry "FIN"]
[WhiteElo "2232"]
[WhiteRD "126"]
[BlackElo "2514"]
[BlackRD "78"]
[GameID "712178"]

1. e4 e5 2. Nf3 Nc6 3. Bc4 Bc5 4. c3 Nf6 5. d3 a6 6. Bb3 Ba7 7. O-O O-O 8. Bg5 h6 9. Bh4 d6 10. Nbd2 g5
11. Bg3 Na5 12. Bc2 Nh5 13. b4 Nxg3 14. hxg3 Nc6 15. Nc4 Be6 16. Bb3 Kg7 17. Qd2 Qf6 18. Rfe1 Ne7 19. Ne3 h5 20. Rad1 Bxe3
21. Qxe3 g4 22. Nh4 Ng6 23. Nxg6 Qxg6 24. Rf1=
1/2-1/2

[Event "1st Advent"]
[Site "SchemingMind.com"]
[Date "2021.06.04"]
[Round "-"]
[White "Jari Laine"]
[Black "Rommel85"]
[Result "1-0"]
[WhiteCountry "FIN"]
[BlackCountry "CUB"]
[WhiteElo "2514"]
[WhiteRD "78"]
[BlackElo "2232"]
[BlackRD "126"]
[GameID "712179"]

1. d4 d5 2. c4 c6 3. cxd5 cxd5 4. Bf4 Nc6 5. e3 Nf6 6. Nc3 Bg4 7. Qb3 e6 8. Qxb7 Rc8 9. h3 Bf5 10. g4 Be4
11. f3 Bg6 12. Ba6 Nb4 13. Qxc8 Nc2+ 14. Kd2 Qxc8 15. Bxc8 Nxa1 16. Ba6 Nc2 17. a3 Be7 18. Nge2 h5 19. g5 Nd7 20. Rc1
1-0

[Event "1st Advent"]
[Site "SchemingMind.com"]
[Date "2021.06.18"]
[Round "-"]
[White "C"]
[Black "spoke"]
[Result "1-0"]
[WhiteCountry "BRA"]
[BlackCountry "GER"]
[WhiteElo "2084"]
[WhiteRD "120"]
[BlackElo "1850"]
[BlackRD "79"]
[GameID "712564"]

1. d4 Nf6 2. c4 d6 3. Nc3 g6 4. e4 Bg7 5. f3 O-O 6. Nge2 c5 7. d5 e5 8. Be3 a6 9. g4 Bxg4 10. fxg4 Nxg4
11. Qd2 Nxe3 12. Qxe3 Nd7 13. O-O-O b5 14. cxb5 axb5 15. Nxb5 Rxa2 16. Nec3 Ra1+ 17. Kc2 Rxd1 18. Kxd1 Qh4 19. Nxd6 Ra8 20. Kc2 Bh6
21. Qg3 Qf6 22. Nc4 Ra1 23. Bg2 Rxh1 24. Bxh1 Qf1 25. Bg2 Qxc4 26. Qh3 Kg7 27. Qxd7 Qd4 28. Qh3 Qd2+ 29. Kb3 Bf4 30. Bf1 Bxh2
31. d6
1-0

[Event "1st Advent"]
[Site "SchemingMind.com"]
[Date "2021.06.18"]
[Round "-"]
[White "spoke"]
[Black "C"]
[Result "0-1"]
[WhiteCountry "GER"]
[BlackCountry "BRA"]
[WhiteElo "1850"]
[WhiteRD "79"]
[BlackElo "2084"]
[BlackRD "120"]
[GameID "712565"]

1. e4 e6 2. d4 d5 3. Nd2 dxe4 4. Nxe4 Nf6 5. Bd3 Nbd7 6. Nf3 Nxe4 7. Bxe4 Nf6 8. Bg5 Be7 9. Bxf6 gxf6 10. c3 f5
11. Bd3 Qd5 12. Qe2 Bf6 13. O-O Bd7 14. c4 Qd6 15. c5 Qf4 16. Qe3 Qxe3 17. fxe3 Bc6 18. b4 Rg8 19. b5 Bd5 20. a4 Ke7
21. Rac1 c6 22. bxc6 bxc6 23. Rb1= Rab8
0-1

[Event "1st Advent"]
[Site "SchemingMind.com"]
[Date "2021.07.08"]
[Round "-"]
[White "Derek Price"]
[Black "Greg Magne"]
[Result "1-0"]
[WhiteCountry "ENG"]
[BlackCountry "CAN"]
[WhiteElo "2237"]
[WhiteRD "64"]
[BlackElo "1822"]
[BlackRD "82"]
[GameID "713224"]

1. c4 g6 2. Nf3 Bg7 3. g3 e6 4. Bg2 Ne7 5. O-O O-O 6. Nc3 c6 7. d4 d5 8. cxd5 exd5 9. Bf4 Bg4 10. h3 Be6
11. Ng5 Bd7 12. Qb3 Qc8 13. Rac1 h6 14. Bd6 Nf5 15. Bxf8 Nxd4 16. Qb4 Na6 17. Qe7 hxg5 18. Bxg7 Kxg7 19. Qe5+
1-0

[Event "1st Advent"]
[Site "SchemingMind.com"]
[Date "2021.07.08"]
[Round "-"]
[White "Greg Magne"]
[Black "Derek Price"]
[Result "0-1"]
[WhiteCountry "CAN"]
[BlackCountry "ENG"]
[WhiteElo "1822"]
[WhiteRD "82"]
[BlackElo "2237"]
[BlackRD "64"]
[GameID "713225"]

1. e4 c5 2. Nf3 d6 3. d4 cxd4 4. Nxd4 Nf6 5. Nc3 a6 6. Bg5 e6 7. f4 Be7 8. Qf3 h6 9. Bh4 Qc7 10. O-O-O Nbd7
11. g4 b5 12. Bg2 Bb7 13. Bf2 b4 14. g5 hxg5 15. fxg5 Ne5 16. Qe2 Nfg4 17. Na4 Qc4 18. b3 Bxg5+ 19. Kb1 Qxe2 20. Nxe2 Nxf2
21. Rdf1 Nxh1
0-1

[Event "1st Advent"]
[Site "SchemingMind.com"]
[Date "2021.08.08"]
[Round "-"]
[White "C"]
[Black "Derek Price"]
[Result "1-0"]
[WhiteCountry "BRA"]
[BlackCountry "ENG"]
[WhiteElo "2117"]
[WhiteRD "108"]
[BlackElo "2203"]
[BlackRD "69"]
[GameID "714142"]

1. d4 d5 2. c4 c6 3. cxd5 cxd5 4. Nf3 Nf6 5. Nc3 Nc6 6. Bf4 Bf5 7. e3 e6 8. a3 Be7 9. Bd3 Bxd3 10. Qxd3 O-O
11. O-O Qd7 12. Rfc1 Rfc8 13. Rc2 Na5 14. Nd2 a6 15. h3 b5 16. Bg5 Nc4 17. Nf3 Qb7 18. Bxf6 Bxf6 19. b3 Nd6 20. Rac1 Be7
21. Ne5 Ne8 22. Nb1 Rxc2 23. Qxc2 Nd6 24. Nd3 Rc8 25. Nc5 Qb6 26. Nd2 Rc7 27. Qb2 a5 28. g3 h6 29. Kg2 Qb8 30. Na6 Rxc1
31. Nxb8
1-0

[Event "1st Advent"]
[Site "SchemingMind.com"]
[Date "2021.08.09"]
[Round "-"]
[White "Derek Price"]
[Black "C"]
[Result "1/2-1/2"]
[WhiteCountry "ENG"]
[BlackCountry "BRA"]
[WhiteElo "2203"]
[WhiteRD "69"]
[BlackElo "2117"]
[BlackRD "108"]
[GameID "714143"]

1. c4 Nf6 2. g3 e6 3. Bg2 d5 4. Nf3 Be7 5. O-O dxc4 6. Qa4+ Bd7 7. Qxc4 Bc6 8. Qc2 Nbd7 9. Rd1 O-O 10. d3 h6
11. e4 Re8 12. h3 Bc5 13. Nc3 b5 14. d4 Bb6 15. a3 a5 16. e5 Nd5 17. Ne4 Bb7 18. g4 Qe7 19. g5 hxg5 20. Nexg5 Nf8
21. Ne4 Rac8 22. Nc5 Ba8 23. Re1 f5 24. Kh2 Ng6 25. Bg5 Qf7 26. Qd2 b4 27. Rac1 bxa3=
1/2-1/2

[Event "1st Advent"]
[Site "SchemingMind.com"]
[Date "2021.08.16"]
[Round "-"]
[White "The Stonewall"]
[Black "Jari Laine"]
[Result "1/2-1/2"]
[WhiteCountry "ENG"]
[BlackCountry "FIN"]
[WhiteElo "2405"]
[WhiteRD "74"]
[BlackElo "2494"]
[BlackRD "78"]
[GameID "714265"]

1. d4 d5 2. Nf3 e6 3. c4 Nf6 4. Nc3 c5 5. cxd5 exd5 6. Bg5 Be7 7. dxc5 O-O 8. e3 Be6 9. Be2 h6 10. Bh4 Bxc5
11. O-O Nc6 12. Rc1 Bb6 13. Qa4 Qe7 14. Rfd1 Rfd8 15. Rd2 g5 16. Bg3 Rac8 17. Rcd1 Ba5 18. Be5 Bxc3 19. Bxc3 Ne4 20. Rc2 Nc5
21. Qa3 Ne4 22. Qxe7 Nxe7 23. Rdc1 Nxc3 24. Rxc3 Rxc3 25. Rxc3 Kg7 26. Nd4 Nc6 27. Kf1 Rc8 28. Ke1 Nxd4 29. Rxc8 Bxc8 30. exd4 Kf6
31. Bf3 Ke6 32. Kd2 Bd7 33. Ke3 f6 34. g3 a5 35. a3 b6 36. Kd3 Bb5+ 37. Ke3 Kd6 38. Bg4 Bd7 39. Kf3 Ba4 40. Ke3 Be8
41. Bf5 Bd7 42. Bxd7 Kxd7 43. b3 h5=
1/2-1/2

[Event "1st Advent"]
[Site "SchemingMind.com"]
[Date "2021.08.16"]
[Round "-"]
[White "Jari Laine"]
[Black "The Stonewall"]
[Result "1/2-1/2"]
[WhiteCountry "FIN"]
[BlackCountry "ENG"]
[WhiteElo "2482"]
[WhiteRD "80"]
[BlackElo "2391"]
[BlackRD "75"]
[GameID "714266"]

1. e4 e6 2. d3 d5 3. Nd2 c5 4. Ngf3 Nc6 5. g3 Bd6 6. Bg2 Nge7 7. O-O O-O 8. Re1 Qc7 9. c3 Bd7 10. a3 d4
11. Nc4 e5 12. cxd4 cxd4 13. Bd2 b5 14. Nxd6 Qxd6 15. Nh4 b4 16. Nf5 Nxf5 17. exf5 bxa3 18. bxa3 Bxf5 19. Qa4 Rac8 20. Rec1 Bd7
21. Qa6 Rfe8 22. Rab1 Rc7 23. Rb5 Bc8 24. Qa4 Bd7 25. Rd5 Nb8 26. Rxd6 Rxc1+ 27. Bxc1 Bxa4 28. f4 f6 29. Bd2 Bb5 30. Be4 Nd7
31. Bb4 Nb6 32. fxe5 fxe5 33. Kf2 Ba4 34. Kf3 Bd1+ 35. Kf2 Ba4 36. g4 Bd7 37. Kg3 Bb5 38. Kf3 Rf8+ 39. Ke2 Bd7 40. g5 Bg4+
41. Kd2 g6 42. h4 Rf2+ 43. Ke1 Re2+ 44. Kf1 Re3 45. Bd2 Re2 46. Be1 Re3 47. Bf2 Bh3+ 48. Kg1 Re2 49. Rd8+ Kf7 50. Rh8 Ke6
51. Re8+ Kd6 52. h5 gxh5 53. Bxh7 Rc2 54. g6 Bf5 55. Rd8+ Nd7 56. Rh8 Nf6 57. g7 Be6 58. Bh4 Nxh7 59. Rxh7 Rc1+ 60. Kf2 Rc2+
61. Kg3 Rc1 62. Kf2=
1/2-1/2

[Event "1st Advent"]
[Site "SchemingMind.com"]
[Date "2021.08.29"]
[Round "-"]
[White "Transcendent"]
[Black "MichaelChess"]
[Result "0-1"]
[WhiteCountry "ENG"]
[BlackCountry "CUB"]
[WhiteElo "1985"]
[WhiteRD "72"]
[BlackElo "2466"]
[BlackRD "86"]
[GameID "714748"]

1. d4 Nf6 2. c4 e6 3. g3 d5 4. Nf3 Be7 5. Bg2 O-O 6. O-O dxc4 7. Qc2 b5 8. a4 b4 9. Qxc4 Ba6 10. Qc2 Nbd7
11. Bg5 Rc8 12. Rc1 c5 13. Qd1 h6 14. Bxf6 Bxf6 15. e3 e5 16. Nbd2 exd4 17. exd4 cxd4 18. Rxc8 Qxc8 19. Rc1 Qb8 20. Ne4 d3
21. Bf1 Bxb2 22. Rb1 Ba3 23. Bxd3 Bb7
0-1

[Event "1st Advent"]
[Site "SchemingMind.com"]
[Date "2021.08.31"]
[Round "-"]
[White "MichaelChess"]
[Black "Transcendent"]
[Result "1-0"]
[WhiteCountry "CUB"]
[BlackCountry "ENG"]
[WhiteElo "2449"]
[WhiteRD "88"]
[BlackElo "2049"]
[BlackRD "72"]
[GameID "714749"]

1. e4 c6 2. d4 d5 3. Nc3 dxe4 4. Nxe4 Nf6 5. Nxf6+ exf6 6. c3 Bd6 7. Bd3 Qc7 8. Ne2 O-O 9. Qc2 g6 10. h4 Re8
11. h5 f5 12. g4 f4 13. hxg6 hxg6 14. Bxg6 Bxg4 15. Be4 f5 16. f3 fxe4 17. fxg4 Re7 18. Qb3+ Kg7 19. Ng3
1-0

[Event "1st Advent"]
[Site "SchemingMind.com"]
[Date "2021.12.05"]
[Round "-"]
[White "MichaelChess"]
[Black "C"]
[Result "1-0"]
[WhiteCountry "CUB"]
[BlackCountry "BRA"]
[WhiteElo "2500"]
[WhiteRD "79"]
[BlackElo "2101"]
[BlackRD "114"]
[GameID "718207"]

1. e4 c6 2. d4 d5 3. e5 Bf5 4. Nf3 e6 5. Be2 Nd7 6. O-O h6 7. Nbd2 Ne7 8. c3 c5 9. dxc5 Nc6 10. b4 Ncxe5
11. Nxe5 Nxe5 12. Bb5+ Nc6 13. Nf3 f6 14. Nd4
1-0

[Event "1st Advent"]
[Site "SchemingMind.com"]
[Date "2021.12.07"]
[Round "-"]
[White "C"]
[Black "MichaelChess"]
[Result "0-1"]
[WhiteCountry "BRA"]
[BlackCountry "CUB"]
[WhiteElo "2101"]
[WhiteRD "114"]
[BlackElo "2500"]
[BlackRD "79"]
[GameID "718208"]

1. e4 c5 2. Nf3 d6 3. d4 cxd4 4. Nxd4 Nf6 5. Nc3 a6 6. Be2 e5 7. Nb3 Be7 8. O-O Be6 9. f4 O-O 10. f5 Bd7
11. a4 Bc6
0-1

[Event "1st Advent"]
[Site "SchemingMind.com"]
[Date "2021.12.11"]
[Round "-"]
[White "trazadora"]
[Black "The Stonewall"]
[Result "1-0"]
[WhiteCountry "CUB"]
[BlackCountry "ENG"]
[WhiteElo "2466"]
[WhiteRD "85"]
[BlackElo "2252"]
[BlackRD "72"]
[GameID "718234"]

1. e4 Nf6 2. e5 Nd5 3. c4 Nb6 4. d4 d6 5. f4 dxe5 6. fxe5 Nc6 7. Be3 Bf5 8. Nc3 e6 9. Be2 Be7 10. Nf3 O-O
11. Qd2 f6 12. exf6 Bxf6 13. O-O Qe7 14. Kh1 Rad8 15. Rad1 a6 16. h3 Bg6 17. Qc1 Rd7 18. Rfe1 Qd8 19. d5 exd5 20. cxd5 Ne7
21. Ng5 Bxg5 22. Bxg5 Qb8 23. Bg4 Nf5 24. a4 Rdf7 25. Ne2 Nxa4 26. Nf4 b5 27. b3 Nb6 28. Qc6 Qa8 29. h4 Ng3+ 30. Kh2 Bc2
31. Qxc2
1-0

[Event "1st Advent"]
[Site "SchemingMind.com"]
[Date "2021.12.11"]
[Round "-"]
[White "The Stonewall"]
[Black "trazadora"]
[Result "0-1"]
[WhiteCountry "ENG"]
[BlackCountry "CUB"]
[WhiteElo "2288"]
[WhiteRD "71"]
[BlackElo "2502"]
[BlackRD "84"]
[GameID "718235"]

1. e4 e5 2. Nc3 Nf6 3. Bc4 Nc6 4. d3 Na5 5. Nge2 c6 6. O-O Be7 7. a4 Nxc4 8. dxc4 Qc7 9. b3 d6 10. h3 Be6
11. Qd3 O-O 12. Ba3 Rad8 13. Qe3 Rfe8 14. Rfd1 a6 15. Qf3 Rf8 16. Ng3 g6 17. Rd3 Ne8 18. Qe2 f5 19. Rad1 f4 20. Nf1 Ra8
21. Bb2 Rf7 22. Nd2 h5 23. Na2 b6 24. Rc3 a5 25. Rd3 g5 26. Qxh5 Rh7 27. Qe2 g4 28. hxg4 Nf6 29. g5 Kf7 30. Nf3 Rah8
31. Kf1 Rh1+ 32. Ng1 Ne8 33. Ba3 Rg8 34. Nc3 Rxg5 35. Qd2 Qc8 36. Re1 Nf6 37. Ke2 Rxg2 38. Nf3 Rh3 39. Kd1 Bg4 40. Qe2 Bh5
41. Kc1 Qg4 42. Nd2 Qxe2 43. Nxe2 Rxd3 44. cxd3 Rxf2 45. Nc3 Rh2 46. Rf1 Rh3 47. Kc2 Ng4 48. Rg1 Ne3+ 49. Kb1 f3
0-1

[Event "1st Advent"]
[Site "SchemingMind.com"]
[Date "2022.04.19"]
[Round "-"]
[White "trazadora"]
[Black "MichaelChess"]
[Result "1/2-1/2"]
[WhiteCountry "CUB"]
[BlackCountry "CUB"]
[WhiteElo "2518"]
[WhiteRD "86"]
[BlackElo "2512"]
[BlackRD "94"]
[GameID "722839"]

1. d4 Nf6 2. Bf4 c5 3. d5 Qb6 4. Nc3 Qxb2 5. Bd2 Qb6 6. e4 d6 7. f4 Qd8 8. Nf3 a6 9. a4 e6 10. dxe6 Bxe6
11. Ng5 Nc6 12. Nxe6 fxe6 13. g3 h5 14. Rb1 Qc7 15. Bg2 h4 16. g4 O-O-O 17. g5 h3 18. Bf3 Nd7 19. O-O Kb8 20. Be2 Ka7
21. Bg4 Nd4 22. Be1 Qc6 23. Bf2 Ka8 24. Qd3 d5 25. exd5 exd5 26. Nb5 axb5 27. axb5 Qd6 28. f5 Ne5 29. Qa3+ Kb8 30. Bg3 c4
31. Qc3 Rh4 32. Bxh4 Nxg4 33. Qxh3 Ne5 34. Rbe1 Re8 35. c3 Nxb5 36. Bg3 Qc5+ 37. Kh1 d4 38. f6 gxf6 39. gxf6 Bd6 40. Qf5 Nc7
41. cxd4 Qxd4 42. f7 Qd5+ 43. Rf3 Qxf7 44. Rxe5 Qxf5 45. Rexf5 Bxg3 46. hxg3=
1/2-1/2

[Event "1st Advent"]
[Site "SchemingMind.com"]
[Date "2022.04.19"]
[Round "-"]
[White "MichaelChess"]
[Black "trazadora"]
[Result "0-1"]
[WhiteCountry "CUB"]
[BlackCountry "CUB"]
[WhiteElo "2485"]
[WhiteRD "98"]
[BlackElo "2538"]
[BlackRD "77"]
[GameID "722840"]

1. e4 e5 2. Nf3 Nc6 3. Bc4 Bc5 4. c3 Nf6 5. d3 d6 6. d4 Bb6 7. dxe5 Ng4 8. O-O Ngxe5 9. Nbd2 O-O 10. a4 a5
11. Bd5 Ba7 12. Bxc6 Nxc6 13. Nc4 Re8 14. Re1 Be6 15. Ne3 h6 16. Qc2 Qf6 17. Bd2 Qg6 18. Nh4 Qf6 19. Nf3 Ne5 20. Nd4 c6
21. h3 Bxh3 22. gxh3 Bxd4 23. cxd4 Nf3+ 24. Kh1 Qf4 25. Nf1 Nxe1 26. Rxe1 Qxf2 27. Qd3 f5 28. Qg3 Qxg3 29. Nxg3 fxe4 30. Rxe4 d5
31. Rxe8+ Rxe8 32. Kg2 b6 33. h4 Re7 34. b3 Kh8 35. Kf3 Rf7+ 36. Kg2 Kh7 37. Be3 Kg6 38. h5+ Kh7 39. Bc1 g6 40. Bd2 Rg7
41. Kf2 Rg8 42. Be3 Rb8 43. Ke2 Rf8 44. Bd2 Rg8 45. Be3 b5 46. Kf2 Rf8+ 47. Ke2 b4 48. Bd2 Rg8 49. Be3 gxh5 50. Nxh5 Kg6
51. Nf4+ Kf5 52. Kf3 Rg4 53. Nh5 Rh4 54. Ng3+ Kg6 55. Bf2 h5 56. Bg1 Kg5 57. Be3+ Kf6 58. Kg2 Kg6 59. Ne2 Re4 60. Kf3 h4
61. Bf2 h3 62. Bg1 Kf6 63. Bh2 Ke7 64. Bc7 Kd7 65. Bb8 Re8 66. Bh2 Re7 67. Bg3 Rf7+ 68. Nf4 c5 69. dxc5 Kc6 70. Ke3 Rh7
71. Bh2 Re7+ 72. Kd2 Re8 73. Bg1 Rg8 74. Bh2 Kxc5 75. Ne6+ Kc6 76. Nf4 d4 77. Kd3 Re8 78. Kxd4 Rd8+ 79. Ke3 Rd1 80. Ne2 Rb1
81. Ke4 Kc5 82. Nf4 Rxb3 83. Nd3+ Kc4 84. Ne5+ Kc3 85. Nd3 Rb1
0-1